[Event "SVK-ch U12"]
[Site "Liptovsky Mikulas"]
[Date "2007.04.26"]
[Round "7"]
[White "Ilas, Richard"]
[Black "Horosko, Peter"]
[Result "1-0"]
[WhiteElo "1350"]
[BlackElo "1350"]
[PlyCount "61"]
[EventDate "2007.04.22"]
[EventType "swiss"]
[EventRounds "9"]
[EventCountry "SVK"]
[SourceTitle "EXT 2008"]
[Source "ChessBase"]
[SourceDate "2007.11.25"]
[SourceVersion "1"]
[SourceVersionDate "2007.11.25"]
[SourceQuality "1"]

1. e4 e5 2. Bc4 Nc6 3. Nf3 Nd4 4. Nxd4 exd4 5. d3 Bc5 6. Qh5 Qe7 7. Bg5 Qf8 8. Bh4 g6 9. Qg5 Qe7 10. Qg3 Qf8 11. Qe5+ Ne7 12. Na3 Bxa3 13. bxa3 d6 14. Qxd4 Be6 15. Bb5+ Bd7 16. Ba4 Bxa4 17. Qxa4+ c6 18. Bf6 Rg8 19. Qb4 c5 20. Qxb7 Rd8 21. Qxa7 Nc8 22. Qa4+ Rd7 23. Qa6 Ne7 24. Rb1 Rd8 25. Rb7 Nc8 26. Bxd8 Kxd8 27. Rb8 Ke7 28. 0-0 Kf6 29. Rfb1 Qh6 30. Rxc8 Rxc8 31. Qxc8 1-0

[Event "SVK-ch U12"]
[Site "Liptovsky Mikulas"]
[Date "2007.04.26"]
[Round "8"]
[White "Zauko, Tibor"]
[Black "Ilas, Richard"]
[Result "1-0"]
[WhiteElo "1350"]
[BlackElo "1350"]
[PlyCount "75"]
[EventDate "2007.04.22"]
[EventType "swiss"]
[EventRounds "9"]
[EventCountry "SVK"]
[SourceTitle "EXT 2008"]
[Source "ChessBase"]
[SourceDate "2007.11.25"]
[SourceVersion "1"]
[SourceVersionDate "2007.11.25"]
[SourceQuality "1"]

1. e4 e5 2. Nf3 Nc6 3. Nc3 Nf6 4. Bb5 Bc5 5. d3 h6 6. 0-0 Bb4 7. a3 Ba5 8. b4 Bb6 9. h3 a6 10. Bc4 d6 11. Be3 Bxe3 12. fxe3 0-0 13. Bb3 b6 14. Nd5 Nxd5 15. Bxd5 Bb7 16. d4 exd4 17. exd4 Rb8 18. Bb3 Ne7 19. Re1 d5 20. Nd2 f5 21. c3 fxe4 22. Nxe4 Kh8 23. Nd2 Nf5 24. Nf1 Re8 25. Bc2 Rxe1 26. Qxe1 Nd6 27. Qe3 Nc4 28. Qd3 Qg8 29. Ng3 Nb2 30. Qg6 Rd8 31. Nf1 Rd6 32. Qg3 Qf7 33. Ne3 c5 34. bxc5 bxc5 35. Qxd6 c4 36. Ng4 Qh5 37. Qd8+ Qe8 38. Qxe8# 1-0

[Event "SVK-ch U12"]
[Site "Liptovsky Mikulas"]
[Date "2007.04.23"]
[Round "2"]
[White "Ilas, Richard"]
[Black "Janousek, Michal"]
[Result "0-1"]
[WhiteElo "1350"]
[BlackElo "1390"]
[PlyCount "38"]
[EventDate "2007.04.22"]
[EventType "swiss"]
[EventRounds "9"]
[EventCountry "SVK"]
[SourceTitle "EXT 2008"]
[Source "ChessBase"]
[SourceDate "2007.11.25"]
[SourceVersion "1"]
[SourceVersionDate "2007.11.25"]
[SourceQuality "1"]

1. e4 e5 2. Bc4 Nf6 3. d3 h6 4. Nc3 Bc5 5. b3 Bd4 6. Bb2 d6 7. f3 0-0 8. Rb1 Be6 9. Bxe6 fxe6 10. Nb5 Bc5 11. Ne2 Nh5 12. g3 a6 13. Nbc3 Qf6 14. Rf1 Nc6 15. a4 Nd4 16. g4 Nxf3+ 17. Rxf3 Qxf3 18. gxh5 Qf2+ 19. Kd2 Be3# 0-1